The nature of work : an introduction to debates on the labour process

Αποθηκεύτηκε σε:
Λεπτομέρειες βιβλιογραφικής εγγραφής
Κύριος συγγραφέας: Thompson, Paul, 1951 January 1-
Μορφή: Βιβλίο
Γλώσσα:English
Δημοσίευση: Houndmills, Basingstoke, Hampshire : Macmillan, 1989.
Έκδοση:2nd ed.
Θέματα:
Ετικέτες: Προσθήκη ετικέτας
Δεν υπάρχουν, Καταχωρήστε ετικέτα πρώτοι!

MARC

LEADER 00000cam a2200000 i 4500
001 1/26480
008 960403s1983 enk| ||| |||| ||eng||
020 |a 0333495047 
035 |l 10037589 
040 |a GR-MyUa  |b gre  |e ΑΑΨΡ2 
041 0 |a eng 
082 7 |a 331.2   |2 (22) 
100 1 |a Thompson, Paul,   |d 1951 January 1- 
245 1 4 |a The nature of work :   |b an introduction to debates on the labour process /   |c Paul Thompson. 
250 |a 2nd ed. 
260 |a Houndmills, Basingstoke, Hampshire :   |b Macmillan,   |c 1989. 
300 |a xvi, 310 σ. ;   |c 22 εκ. 
500 |a Δημοσιεύθηκε πρώτη φορά το 1983. 
504 |a Περιλαμβάνει βιβλιογραφικές παραπομπές: σ. [278]-298 και ευρετήριο. 
650 0 |a Labor. 
650 0 |a Working class. 
650 0 |a Capitalism. 
650 0 |a Work environment. 
650 0 |a Industrial sociology. 
650 0 |a Work  |x Psychological aspects. 
852 |a INST  |b CHIOS  |e 19960403  |h 306.3 THO  |p 005200006169  |q 005200006169  |t BK  |y 0 
852 |a INST  |b LESVOS  |e 20000617  |h 331.2 THO  |p 005100023851  |q 005100023851  |t BK  |y 0 
922 |a 1ΕΛΗ  |b 199811  |c ΚΠΣ/ΤΚ  |d ΠΑΠΑΣΩΤΗΡΙΟΥ 
970 |z 2000/06/ΟΙΚΟΝΟΜΟΠΟΥΛΟΥ ΧΡΙΣΤΙΝΑ